Quantitative methods for quality and productivity improvement (Record no. 575252)

000 -LEADER
fixed length control field 00580nam a22001817a 4500
003 - CONTROL NUMBER IDENTIFIER
control field CEME
005 - DATE AND TIME OF LATEST TRANSACTION
control field 20210628203830.0
008 - FIXED-LENGTH DATA ELEMENTS--GENERAL INFORMATION
fixed length control field 210308b xxu||||| |||| 00| 0 eng d
020 ## - INTERNATIONAL STANDARD BOOK NUMBER
International Standard Book Number 0-27389-056-6
040 ## - CATALOGING SOURCE
Transcribing agency .
082 ## - DEWEY DECIMAL CLASSIFICATION NUMBER
Classification number 658.562 HAR'Q
100 ## - MAIN ENTRY--PERSONAL NAME
Personal name Hart, Marilyn K , Hart, Robert F
9 (RLIN) 67476
245 ## - TITLE STATEMENT
Title Quantitative methods for quality and productivity improvement
260 ## - PUBLICATION, DISTRIBUTION, ETC.
Place of publication, distribution, etc. USA
Name of publisher, distributor, etc. ASQC
Date of publication, distribution, etc. 1989
300 ## - PHYSICAL DESCRIPTION
Extent XI, 363P
650 ## - SUBJECT ADDED ENTRY--TOPICAL TERM
Topical term or geographic name entry element QUALITY CONTROL STATITICAL METHODS PRODUCTION MANAGEMENT QUAITY CONTROL QUALITY CONTROL CHARTS DIAGRAMS ETC
9 (RLIN) 67477
942 ## - ADDED ENTRY ELEMENTS (KOHA)
Koha item type Book
Source of classification or shelving scheme
Holdings
Withdrawn status Lost status Source of classification or shelving scheme Damaged status Not for loan Permanent Location Current Location Shelving location Date acquired Full call number Barcode Date last seen Price effective from Koha item type Public note
          College of Electrical & Mechanical Engineering (CEME) College of Electrical & Mechanical Engineering (CEME) General Stacks 08/01/2017 658.562 HAR'Q CEME-29330 06/28/2021 06/28/2021 Book 1.6
© 2023 Central Library, National University of Sciences and Technology. All Rights Reserved.